Fahrenheit 451 /

Guardado en:
Autor Principal: Bradbury, Ray
Otros Autores: Hamilton, Tim, il.
Formato: Libro
Publicado: Buenos Aires : De la flor, 2013
Materias:
Etiquetas: Agregar Etiqueta
Sin Etiquetas, Sea el primero en etiquetar este registro!
LEADER 00782nam a22002535a 4500
001 CEM.cems018207
008 130507s2013##################000#0#####d
005 20231122103152.0
245 1 0 |a Fahrenheit 451 /  |c Ray Bradbury ; adaptación Autorizada de Tim Halmilton 
260 |a Buenos Aires :  |b De la flor,  |c 2013 
300 |a 159 p. 
020 |a 9789505159727 
100 1 |a Bradbury, Ray 
700 1 |a Hamilton, Tim, il. 
082 0 4 |a 813.5 
653 |a Literatura 
653 |a Literatura norteamericana 
653 |a Novelas 
653 |a Novela gráfica 
653 |a Novela norteamericana 
653 |a Narrativa 
653 |a Narrativa nortamericana 
653 |a Ministerio de educación-colección literaria 
859 |a CEMS  |b BIB. CEMS - Agricultura  |h 813.5  |i B726-4  |p A1995.14  |t Ej.1